[Event "CZE-tht Extraliga 2018-19"]
[Site "Czech Republic"]
[Date "2019.01.12"]
[Round "5"]
[White "Jakubiec, Artur"]
[Black "Mroziak, Maciej"]
[Result "1/2-1/2"]
[WhiteElo "2496"]
[BlackElo "2378"]
[Annotator "ChessBase"]
[PlyCount "87"]
[EventDate "2018.11.03"]
[EventType "team-tourn"]
[EventCountry "CZE"]
[SourceTitle "playchess.com"]
[Source "ChessBase"]
[SourceQuality "1"]
[WhiteTeam "Ostrava"]
[BlackTeam "Cesky Tesin"]
[TimeControl "40/5400+30:1800+30"]

1. Nf3 {[%emt 0:00:00]} Nf6 {[%emt 0:00:49]} 2. g3 {[%emt 0:00:00]} g6 {[%emt 0:00:04]} 3. Bg2 {[%emt 0:00:00]} Bg7 {[%emt 0:00:06]} 4. O-O {[%emt 0:00:00]} O-O {[%emt 0:00:06]} 5. d3 {[%emt 0:00:00]} d6 {[%emt 0:00:19]} 6. c3 {[%emt 0:02:52]} e5 {[%emt 0:00:31]} 7. e4 {[%emt 0:02:39]} a5 {[%emt 0:05:24]} 8. Re1 {[%emt 0:08:47]} Re8 {[%emt 0:25:51]} 9. Nbd2 {[%emt 0:09:03]} d5 {[%emt 0:06:36]} 10. exd5 {[%emt 0:02:22]} Nxd5 {[%emt 0:00:11]} 11. d4 {[%emt 0:00:29]} exd4 {[%emt 0:03:41]} 12. Rxe8+ {[%emt 0:00:10]} Qxe8 {[%emt 0:00:04]} 13. Nxd4 {[%emt 0:00:09]} Bxd4 {[%emt 0:20:09]} 14. Bxd5 {[%emt 0:15:11]} Bg7 {[%emt 0:01:47]} 15. Ne4 {[%emt 0:03:13]} Nd7 {[%emt 0:16:10]} 16. Ng5 {[%emt 0:03:26]} Ne5 {[%emt 0:00:05]} 17. Bf4 {[%emt 0:02:16]} h6 {[%emt 0:00:12]} 18. Bxe5 {[%emt 0:01:45]} hxg5 {[%emt 0:00:04]} 19. Bxc7 {[%emt 0:02:41]} Be6 {[%emt 0:05:22]} 20. a4 {[%emt 0:07:13]} Qd7 {[%emt 0:03:43]} 21. Bxe6 {[%emt 0:00:28]} Qxc7 {[%emt 0:00:24]} 22. Bd5 {[%emt 0:02:10]} Qb6 {[%emt 0:04:23]} 23. Qe2 {[%emt 0:02:11]} Rd8 {[%emt 0:00:46]} 24. Rd1 {[%emt 0:00:27]} Bf6 {[%emt 0:00:39]} 25. Bc4 {[%emt 0:09:46]} Rxd1+ {[%emt 0:02:06]} 26. Qxd1 {[%emt 0:00:04]} Qc7 {[%emt 0:01:58]} 27. Qd5 {[%emt 0:01:36]} Kg7 {[%emt 0:00:36]} 28. Kf1 {[%emt 0:02:16]} b6 {[%emt 0:00:42]} 29. Ke2 {[%emt 0:03:46]} Be5 {[%emt 0:00:05]} 30. h3 {[%emt 0:03:07]} Bd6 {[%emt 0:00:44]} 31. Kd3 {[%emt 0:01:09]} Bc5 {[%emt 0:00:16]} 32. f3 Qe7 {[%emt 0:00:47]} 33. Kc2 {[%emt 0:01:04]} Bf2 {[%emt 0:00:46]} 34. g4 {[%emt 0:00:33]} Bc5 {[%emt 0:00:21]} 35. Kb3 {[%emt 0:00:19]} Qf6 {[%emt 0:00:36]} 36. Qb7 {[%emt 0:00:18]} Qf4 {[%emt 0:00:36]} 37. Bd5 {[%emt 0:00:42]} Be3 {[%emt 0:00:33]} 38. Qd7 {[%emt 0:01:13]} Bc5 {[%emt 0:00:16]} 39. Be4 {[%emt 0:01:25]} Qh2 {[%emt 0:00:45]} 40. Qe8 {[%emt 0:03:31]} Bg1 {[%emt 0:00:48]} 41. Qe7 {[%emt 0:31:34]} Qf4 {[%emt 0:02:36]} 42. h4 {[%emt 0:00:00]} gxh4 {[%emt 0:03:51]} 43. Qxh4 {[%emt 0:00:00]} Qd2 {[%emt 0:00:05]} 44. Ka2 {[%emt 0:00:00]} 1/2-1/2

[Event "CZE-tht Extraliga 2018-19"]
[Site "Czech Republic"]
[Date "2019.01.12"]
[Round "5"]
[White "Petrik, Tomas"]
[Black "Ponizil, Cyril"]
[Result "1-0"]
[WhiteElo "2481"]
[BlackElo "2491"]
[Annotator "ChessBase"]
[PlyCount "83"]
[EventDate "2018.11.03"]
[EventType "team-tourn"]
[EventCountry "CZE"]
[SourceTitle "playchess.com"]
[Source "ChessBase"]
[SourceQuality "1"]
[WhiteTeam "Siesta"]
[BlackTeam "Duras"]
[TimeControl "40/5400+30:1800+30"]

1. e4 {[%emt 0:00:11]} c5 {[%emt 0:00:00]} 2. Nf3 {[%emt 0:00:06]} Nc6 {[%emt 0:00:00]} 3. d4 {[%emt 0:01:18]} cxd4 {[%emt 0:00:00]} 4. Nxd4 {[%emt 0:00:07]} Qb6 {[%emt 0:00:00]} 5. Nb3 {[%emt 0:00:14]} Nf6 {[%emt 0:00:00]} 6. Nc3 {[%emt 0:00:19]} e6 {[%emt 0:00:00]} 7. Bd3 {[%emt 0:01:03]} Be7 {[%emt 0:02:34]} 8. O-O {[%emt 0:01:55]} d6 {[%emt 0:00:30]} 9. a4 {[%emt 0:07:14]} O-O {[%emt 0:04:41]} 10. a5 {[%emt 0:01:09]} Qd8 {[%emt 0:01:19]} 11. Be3 {[%emt 0:09:26]} Nb4 {[%emt 0:01:02]} 12. Be2 {[%emt 0:19:01]} e5 {[%emt 0:09:25]} 13. Ra4 {[%emt 0:08:43]} Na6 {[%emt 0:06:30]} 14. Bg5 {[%emt 0:07:27]} Be6 {[%emt 0:06:51]} 15. Bxf6 {[%emt 0:02:40]} Bxf6 {[%emt 0:00:04]} 16. Bc4 {[%emt 0:00:42]} Qd7 {[%emt 0:05:32]} 17. Qd3 {[%emt 0:05:23]} Rfc8 {[%emt 0:06:11]} 18. Rd1 {[%emt 0:06:42]} Be7 {[%emt 0:00:51]} 19. h3 {[%emt 0:03:34]} Bf8 {[%emt 0:02:45]} 20. Rd2 {[%emt 0:02:02]} Nc5 {[%emt 0:04:43]} 21. Nxc5 {[%emt 0:01:08]} Rxc5 {[%emt 0:00:03]} 22. b3 {[%emt 0:09:06]} Rac8 {[%emt 0:09:30]} 23. Nd5 {[%emt 0:00:40]} Qd8 {[%emt 0:02:33]} 24. a6 {[%emt 0:03:44]} b6 {[%emt 0:00:05]} 25. Ne3 {[%emt 0:02:30]} Qg5 {[%emt 0:03:33]} 26. Bxe6 {[%emt 0:01:58]} fxe6 {[%emt 0:00:05]} 27. Rc4 {[%emt 0:00:06]} Qe7 {[%emt 0:05:07]} 28. Rxc5 {[%emt 0:00:43]} Rxc5 {[%emt 0:01:48]} 29. b4 {[%emt 0:00:07]} Rc8 {[%emt 0:02:08]} 30. Qb3 {[%emt 0:01:43]} Kh8 {[%emt 0:06:50]} 31. Rd3 {[%emt 0:00:07]} g6 {[%emt 0:00:36]} 32. Rc3 {[%emt 0:00:48]} Rd8 {[%emt 0:00:54]} 33. Qc4 {[%emt 0:00:36]} Bh6 {[%emt 0:04:32]} 34. Qc7 {[%emt 0:00:09]} Rd7 {[%emt 0:00:57]} 35. Qb8+ {[%emt 0:00:33]} Kg7 {[%emt 0:00:04]} 36. Ng4 {[%emt 0:01:30]} Bf4 {[%emt 0:01:37]} 37. Rc8 {[%emt 0:01:10]} Qf7 {[%emt 0:00:05]} 38. g3 {[%emt 0:01:21]} h5 {[%emt 0:03:23]} 39. Rg8+ {[%emt 0:01:22]} Kh7 {[%emt 0:05:30]} 40. Rh8+ {[%emt 0:00:16]} Kg7 {[%emt 0:00:03]} 41. Rg8+ {[%emt 0:02:16]} Kh7 {[%emt 0:00:06]} 42. Rf8 {[%emt 0:01:04]} 1-0

[Event "CZE-tht Extraliga 2018-19"]
[Site "Czech Republic"]
[Date "2019.01.12"]
[Round "5"]
[White "Bernasek, Jan"]
[Black "Roubalik, Jakub"]
[Result "1-0"]
[WhiteElo "2477"]
[BlackElo "2410"]
[Annotator "ChessBase"]
[PlyCount "191"]
[EventDate "2018.11.03"]
[EventType "team-tourn"]
[EventCountry "CZE"]
[SourceTitle "playchess.com"]
[Source "ChessBase"]
[SourceQuality "1"]
[WhiteTeam "Siesta"]
[BlackTeam "Duras"]
[TimeControl "40/5400+30:1800+30"]

1. Nf3 {[%emt 0:00:13]} c5 {[%emt 0:00:00]} 2. b3 {[%emt 0:01:11]} d6 {[%emt 0:01:34]} 3. c4 {[%emt 0:04:53]} e5 {[%emt 0:01:19]} 4. Nc3 {[%emt 0:00:08]} Nc6 {[%emt 0:01:58]} 5. g3 {[%emt 0:01:51]} g6 {[%emt 0:01:03]} 6. Bg2 {[%emt 0:01:24]} Bg7 {[%emt 0:00:45]} 7. O-O {[%emt 0:01:05]} Nge7 {[%emt 0:02:58]} 8. Bb2 {[%emt 0:04:38]} O-O {[%emt 0:00:50]} 9. Ne1 {[%emt 0:00:46]} f5 {[%emt 0:11:47]} 10. f4 {[%emt 0:05:00]} Be6 {[%emt 0:16:12]} 11. Rc1 {[%emt 0:21:31]} Qd7 {[%emt 0:11:53]} 12. Nc2 {[%emt 0:03:22]} exf4 {[%emt 0:07:10]} 13. gxf4 {[%emt 0:00:26]} d5 {[%emt 0:00:12]} 14. Na4 {[%emt 0:07:24]} Bxb2 {[%emt 0:04:02]} 15. Nxb2 {[%emt 0:00:57]} Rad8 {[%emt 0:02:11]} 16. d3 {[%emt 0:05:51]} Rfe8 {[%emt 0:10:31]} 17. Qe1 {[%emt 0:04:45]} Bf7 {[%emt 0:01:55]} 18. Qf2 {[%emt 0:03:09]} d4 {[%emt 0:03:14]} 19. a3 {[%emt 0:03:41]} a5 {[%emt 0:01:29]} 20. Na4 {[%emt 0:04:04]} Qd6 {[%emt 0:00:06]} 21. Rb1 {[%emt 0:01:00]} Kg7 {[%emt 0:00:23]} 22. b4 {[%emt 0:08:40]} axb4 {[%emt 0:00:25]} 23. axb4 {[%emt 0:00:04]} cxb4 {[%emt 0:01:10]} 24. c5 {[%emt 0:02:34]} Qc7 {[%emt 0:08:56]} 25. Nxb4 {[%emt 0:01:01]} Qa5 {[%emt 0:00:09]} 26. Nxc6 {[%emt 0:05:15]} Nxc6 {[%emt 0:00:27]} 27. Nb6 {[%emt 0:00:39]} Qxc5 {[%emt 0:00:55]} 28. Rfc1 {[%emt 0:00:14]} Qe7 {[%emt 0:00:54]} 29. Bf3 {[%emt 0:01:21]} Qd6 {[%emt 0:04:39]} 30. Qh4 {[%emt 0:04:21]} Re7 {[%emt 0:02:42]} 31. Nc4 {[%emt 0:00:30]} Bxc4 {[%emt 0:00:53]} 32. Rxc4 {[%emt 0:00:03]} Rde8 {[%emt 0:00:26]} 33. Kf1 {[%emt 0:01:01]} Ra8 {[%emt 0:02:31]} 34. Bxc6 {[%emt 0:02:46]} bxc6 {[%emt 0:00:13]} 35. Rxc6 {[%emt 0:00:15]} Qxc6 {[%emt 0:01:01]} 36. Qxe7+ {[%emt 0:00:04]} Kg8 {[%emt 0:00:07]} 37. Kf2 {[%emt 0:01:18]} Re8 {[%emt 0:00:29]} 38. Qb4 {[%emt 0:00:55]} Qf6 {[%emt 0:00:47]} 39. Qc4+ {[%emt 0:00:12]} Kg7 {[%emt 0:00:38]} 40. Kf1 {[%emt 0:00:26]} Kh6 {[%emt 0:00:33]} 41. Rb7 {[%emt 0:03:17]} Qd6 {[%emt 0:06:26]} 42. Qc7 {[%emt 0:03:36]} Qxc7 {[%emt 0:00:11]} 43. Rxc7 {[%emt 0:00:04]} Re3 {[%emt 0:09:33]} 44. Rd7 {[%emt 0:11:53]} Rh3 {[%emt 0:00:08]} 45. Rxd4 {[%emt 0:00:04]} Rxh2 {[%emt 0:00:10]} 46. Rd7 {[%emt 0:00:08]} g5 {[%emt 0:07:04]} 47. Rd5 {[%emt 0:01:27]} Rh4 {[%emt 0:04:20]} 48. fxg5+ {[%emt 0:01:13]} Kxg5 {[%emt 0:00:16]} 49. e4 {[%emt 0:00:06]} Rf4+ {[%emt 0:00:14]} 50. Ke2 {[%emt 0:00:04]} Kg4 {[%emt 0:01:46]} 51. e5 {[%emt 0:01:04]} Ra4 {[%emt 0:00:09]} 52. e6 {[%emt 0:00:28]} Ra2+ {[%emt 0:00:23]} 53. Ke3 {[%emt 0:01:28]} f4+ {[%emt 0:00:17]} 54. Kd4 {[%emt 0:00:11]} Re2 {[%emt 0:05:17]} 55. Re5 {[%emt 0:01:09]} f3 {[%emt 0:00:15]} 56. e7 {[%emt 0:00:15]} Rxe5 {[%emt 0:00:11]} 57. Kxe5 {[%emt 0:00:03]} f2 {[%emt 0:00:03]} 58. e8=Q {[%emt 0:00:08]} f1=Q {[%emt 0:00:04]} 59. Qg8+ {[%emt 0:01:52]} Kh5 {[%emt 0:01:28]} 60. Qxh7+ {[%emt 0:00:29]} Kg5 {[%emt 0:00:05]} 61. Qg8+ {[%emt 0:01:27]} Kh5 {[%emt 0:00:38]} 62. Qd5 {[%emt 0:01:38]} Kg4 {[%emt 0:01:02]} 63. Ke6 {[%emt 0:01:34]} Qb1 {[%emt 0:01:16]} 64. Qe4+ {[%emt 0:03:58]} Kg3 {[%emt 0:00:00]} 65. Qe5+ {[%emt 0:00:30]} Kg2 {[%emt 0:00:33]} 66. d4 {[%emt 0:00:07]} Kg1 {[%emt 0:01:07]} 67. d5 {[%emt 0:00:28]} Qb3 {[%emt 0:00:11]} 68. Ke7 {[%emt 0:00:38]} Qb7+ {[%emt 0:00:22]} 69. Kf6 {[%emt 0:00:05]} Kh1 {[%emt 0:01:03]} 70. d6 {[%emt 0:01:38]} Qf3+ {[%emt 0:00:26]} 71. Ke7 {[%emt 0:00:08]} Qa3 {[%emt 0:00:12]} 72. Ke6 {[%emt 0:00:12]} Qa6 {[%emt 0:00:21]} 73. Qc5 {[%emt 0:01:31]} Qe2+ {[%emt 0:00:46]} 74. Kf6 {[%emt 0:00:09]} Qf2+ {[%emt 0:00:15]} 75. Qf5 {[%emt 0:00:39]} Qd4+ {[%emt 0:00:38]} 76. Ke6 {[%emt 0:00:16]} Qb6 {[%emt 0:00:16]} 77. Qd5+ {[%emt 0:00:23]} Kg1 {[%emt 0:00:15]} 78. Kf7 {[%emt 0:00:29]} Qf2+ {[%emt 0:00:38]} 79. Kg6 {[%emt 0:00:16]} Qg3+ {[%emt 0:00:34]} 80. Kf7 {[%emt 0:01:01]} Qf4+ {[%emt 0:00:27]} 81. Ke8 {[%emt 0:00:25]} Qe3+ {[%emt 0:00:18]} 82. Kd8 {[%emt 0:00:35]} Qb6+ {[%emt 0:00:59]} 83. Kc8 {[%emt 0:00:14]} Qa6+ {[%emt 0:00:13]} 84. Kc7 {[%emt 0:00:16]} Qa7+ {[%emt 0:00:14]} 85. Qb7 {[%emt 0:00:23]} Qc5+ {[%emt 0:00:06]} 86. Qc6 {[%emt 0:00:06]} Qe5 {[%emt 0:00:30]} 87. Kb7 {[%emt 0:00:09]} Qg7+ {[%emt 0:01:40]} 88. d7 {[%emt 0:00:08]} Qf7 {[%emt 0:00:27]} 89. Qc5+ Kh1 {[%emt 0:00:34]} 90. Qc1+ {[%emt 0:01:58]} Kg2 {[%emt 0:00:16]} 91. Qd2+ {[%emt 0:00:06]} Kh1 {[%emt 0:00:08]} 92. Qe1+ {[%emt 0:00:08]} Kg2 {[%emt 0:00:34]} 93. Qe4+ {[%emt 0:00:05]} Kg1 {[%emt 0:00:33]} 94. Kc8 {[%emt 0:00:05]} Qf8+ {[%emt 0:01:04]} 95. d8=Q {[%emt 0:00:27]} Qc5+ {[%emt 0:00:03]} 96. Kb7 {[%emt 0:00:22]} 1-0

[Event "CZE-tht Extraliga 2018-19"]
[Site "Czech Republic"]
[Date "2019.01.12"]
[Round "5"]
[White "Zwardon, Vojtech"]
[Black "Cvek, Robert"]
[Result "1/2-1/2"]
[WhiteElo "2462"]
[BlackElo "2520"]
[Annotator "TA"]
[PlyCount "56"]
[EventDate "2018.11.03"]
[EventType "team-tourn"]
[EventCountry "CZE"]
[SourceTitle "playchess.com"]
[Source "ChessBase"]
[SourceQuality "1"]
[WhiteTeam "Beskydska"]
[BlackTeam "Poruba"]

{[%evp 25,56,0,0,0,8,-6,0,-16,-16,-13,-12,-21,-14,-21,-31,-30,-30,-30,-39,-23,-32,-30,-10,-63,-8,-34,0,0,0,0,0,-16,-18]} 1. c4 e6 2. Nc3 d5 3. d4 Be7 4. cxd5 exd5 5. Bf4 c6 6. e3 Bf5 7. Bd3 Bxd3 8. Qxd3 Nf6 9. Nf3 Nbd7 {[%cal Bb8d7,Bd7f8,Bf8e6][%mdl 32]} 10. O-O O-O 11. Rab1 a5 12. h3 Re8 13. Rfc1 {D35: Queen's Gambit Declined: Exchange Variation} (13. Qc2 Nb6 14. b3 Bd6 15. Ne5 Qe7 16. Nd3 Bxf4 17. Nxf4 Ne4 18. Nxe4 Qxe4 19. Qxe4 Rxe4 20. Nd3 Re7 21. Nc5 {½-½ (33) Fressinet,L (2677)-Gustafsson,J (2646) Oberhof 2011}) 13... Nf8 {LiveBook: 5 Games} 14. a3 Ne6 $146 ({Predecessor:} 14... Ng6 15. Bh2 Bd6 16. Bxd6 Qxd6 17. Qd1 Ne4 18. Nxe4 Rxe4 19. b4 axb4 20. axb4 f5 {½-½ (31) Weiss,C (2382)-Huber,M (2405) Austria 2017}) 15. Be5 Nd7 16. b4 axb4 17. axb4 b5 18. Ne2 Qb6 19. e4 dxe4 20. Qxe4 Rac8 21. Nf4 Nxf4 22. Qxf4 {Hoping for Bxg7!} Qb7 23. Qg4 {[%csl Ge5][%cal Rg4g7] [#]} g6 24. Rb3 (24. h4 $11) 24... Nb6 ({Better is} 24... f6 $15 25. Bf4 Nb6) 25. Ng5 f5 26. Qh4 {The position is equal.} Bxg5 27. Qxg5 {[#] Black must now prevent Qf6.} Qe7 28. Bf6 Qf7 {Precision: White = 19%, Black = 60%.} 1/2-1/2

[Event "CZE-tht Extraliga 2018-19"]
[Site "Czech Republic"]
[Date "2019.01.12"]
[Round "5"]
[White "Rasik, Vitezslav"]
[Black "Wiewiora, Eneasz"]
[Result "1/2-1/2"]
[WhiteElo "2461"]
[BlackElo "2354"]
[Annotator "ChessBase"]
[PlyCount "49"]
[EventDate "2018.11.03"]
[EventType "team-tourn"]
[EventCountry "CZE"]
[SourceTitle "playchess.com"]
[Source "ChessBase"]
[SourceQuality "1"]
[WhiteTeam "Ostrava"]
[BlackTeam "Cesky Tesin"]
[TimeControl "40/5400+30:1800+30"]

1. e4 {[%emt 0:00:00]} d6 {[%emt 0:00:00]} 2. d4 {[%emt 0:00:00]} Nf6 {[%emt 0:00:00]} 3. Nc3 {[%emt 0:00:08]} e5 {[%emt 0:00:00]} 4. f3 {[%emt 0:01:06]} Be7 {[%emt 0:00:45]} 5. Be3 {[%emt 0:01:09]} c6 {[%emt 0:00:09]} 6. Qd2 {[%emt 0:02:16]} b5 {[%emt 0:02:28]} 7. dxe5 {[%emt 0:09:50]} dxe5 {[%emt 0:00:38]} 8. Qxd8+ {[%emt 0:00:26]} Bxd8 {[%emt 0:00:29]} 9. a4 {[%emt 0:02:54]} b4 {[%emt 0:05:13]} 10. Nb1 {[%emt 0:07:59]} Bb6 {[%emt 0:09:11]} 11. Kf2 {[%emt 0:02:20]} Be6 {[%emt 0:01:43]} 12. Ne2 {[%emt 0:03:56]} Nbd7 {[%emt 0:00:44]} 13. Nd2 {[%emt 0:03:47]} Ke7 {[%emt 0:02:01]} 14. a5 {[%emt 0:06:28]} Bxe3+ {[%emt 0:04:02]} 15. Kxe3 {[%emt 0:00:10]} Ne8 {[%emt 0:00:02]} 16. Nc1 {[%emt 0:07:08]} Nd6 {[%emt 0:00:58]} 17. Be2 {[%emt 0:02:05]} Rab8 {[%emt 0:14:45]} 18. Rd1 {[%emt 0:12:00]} g6 {[%emt 0:03:37]} 19. Nd3 {[%emt 0:06:57]} c5 {[%emt 0:11:24]} 20. f4 {[%emt 0:04:55]} exf4+ {[%emt 0:04:01]} 21. Nxf4 {[%emt 0:00:11]} Ne5 {[%emt 0:00:03]} 22. Nd3 {[%emt 0:01:58]} Nd7 {[%emt 0:05:21]} 23. Nf4 {[%emt 0:01:10]} Ne5 {[%emt 0:00:10]} 24. Nd3 {[%emt 0:00:18]} Nd7 {[%emt 0:00:22]} 25. Nf4 {[%emt 0:01:29]} 1/2-1/2

[Event "CZE-tht Extraliga 2018-19"]
[Site "Czech Republic"]
[Date "2019.01.12"]
[Round "5"]
[White "Jansa, Vlastimil"]
[Black "Studnicka, Tomas"]
[Result "1-0"]
[WhiteElo "2454"]
[BlackElo "2309"]
[Annotator "TA"]
[PlyCount "95"]
[EventDate "2018.11.03"]
[EventType "team-tourn"]
[EventCountry "CZE"]
[SourceTitle "playchess.com"]
[Source "ChessBase"]
[SourceQuality "1"]
[WhiteTeam "Lysa nad Labem"]
[BlackTeam "Turnov"]

{[%evp 19,95,19,35,27,32,33,37,7,28,32,35,36,22,37,29,24,31,17,61,41,79,31,42,36,45,50,44,42,41,50,49,46,52,45,72,17,5,7,85,92,148,0,0,0,65,70,74,72,75,61,75,77,72,71,368,228,343,343,339,326,412,346,443,442,449,443,443,444,1779,372,372,367,376,376,375,375,369,367]} 1. e4 e5 2. Nf3 Nf6 3. Nxe5 d6 4. Nf3 Nxe4 5. Bd3 Nf6 6. h3 {C42: Petroff Defence: 3 Nxe5 and unusual White 3rd moves} (6. O-O Be7 7. c3 O-O 8. Bc2 Bg4 9. d4 Re8 10. Re1 Nbd7 11. Nbd2 d5 12. Nf1 Bd6 13. Rxe8+ Qxe8 {½-½ (61) Aronian,L (2767)-Giri,A (2782) chess.com INT 2018}) 6... Be7 7. O-O Nbd7 8. c3 O-O 9. Bc2 Re8 10. d4 Nf8 {LiveBook: 4 Games} 11. Bf4 Ng6 12. Bh2 b6 $146 ({Predecessor:} 12... Bf8 13. Nbd2 Bd7 14. Ng5 h6 15. Nge4 Bc6 {1-0 (56) Rabiega,R (2503)-Levin,F (2523) Germany 2003}) 13. c4 Ba6 14. Nbd2 d5 15. Ba4 Rf8 16. Bc6 Rb8 17. Qa4 Qc8 18. b3 dxc4 19. bxc4 Bd6 20. Ne5 Ne7 21. Rfe1 Bb7 22. Bxb7 Qxb7 23. Nd7 {Strongly threatening Bxd6.} Bxh2+ 24. Kxh2 Nxd7 25. Rxe7 Nf6 26. Rae1 a6 27. Nf3 ({White should play} 27. Ne4 $16 {aiming for Nxf6+.} Nxe4 28. R1xe4) 27... b5 $11 28. Qb3 Qc6 (28... bxc4 $11 29. Qxc4 Nd5) 29. c5 $16 Rbe8 {[#]} (29... Rbc8 $142) 30. Ng5 ({White should try} 30. Ne5 $1 $16 {[%cal Re5c6]} Rxe7 31. Nxc6 Rxe1 32. Qa3) 30... Rxe7 $11 31. Rxe7 Qd5 (31... Nd5 $1 $11 32. Re5 Nf6) 32. Qxd5 $1 $14 Nxd5 {[%mdl 4096] Endgame KRN-KRN} 33. Rd7 c6 34. Ra7 Nb4 35. a3 Nc2 36. Nf3 Nxa3 $2 {[%mdl 8192]} (36... Rd8 $16) 37. Rxa6 Nc4 (37... Nc2 {was necessary.} 38. Rxc6 Rd8) 38. Rxc6 $18 b4 39. Rc7 Rb8 {...b3 is the strong threat.} 40. c6 Na5 41. d5 {[%cal Bd4d5,Bd5d6,Bd6d7][%mdl 32]} b3 42. d6 {And now d7 would win.} b2 43. d7 {Intending Rc8+ and mate.} ({But not} 43. Nd2 Nxc6 44. Rxc6 Kf8 $18) 43... Rd8 (43... Rf8 $142 44. Nd2 Rd8) 44. Nd2 $2 (44. Rc8 {[%cal Rc8d8]} Nxc6 45. Ne5) 44... Kf8 {White is winning.} 45. Nb1 Ke7 {[#]} 46. Rc8 $1 {Black must now prevent c7.} Nxc6 47. Rxc6 Rxd7 {intending ...Rd1.} 48. Rb6 {Accuracy: White = 64%, Black = 38%.} 1-0

[Event "CZE-tht Extraliga 2018-19"]
[Site "Czech Republic"]
[Date "2019.01.12"]
[Round "5"]
[White "Jurcik, Marian"]
[Black "Cerveny, Martin"]
[Result "1/2-1/2"]
[WhiteElo "2451"]
[BlackElo "2347"]
[Annotator "TA"]
[PlyCount "118"]
[EventDate "2018.11.03"]
[EventType "team-tourn"]
[EventCountry "CZE"]
[SourceTitle "playchess.com"]
[Source "ChessBase"]
[SourceQuality "1"]
[WhiteTeam "Siesta"]
[BlackTeam "Duras"]

{[%evp 9,118,42,48,31,50,54,76,77,75,68,93,38,49,56,176,172,184,181,181,176,191,47,51,46,64,14,62,69,77,77,85,90,81,77,88,31,126,120,103,61,37,0,125,106,120,21,27,41,34,0,0,0,9,0,0,0,-7,0,0,0,18,0,0,0,0,0,0,0,0,0,0,0,0,0,0,0,0,0,18,0,0,0,0,0,0,0,0,0,0,0,0,0,0,0,0,0,0,0,0,0,0,0,0,0,0,0,0,0,0,0,0]} 1. e4 c5 2. Ne2 d6 3. g3 h5 4. h3 h4 5. g4 e5 6. Nbc3 $146 {B20: Sicilian: Unusual White 2nd moves} ({Predecessor:} 6. Bg2 g5 7. c3 Be6 8. d4 f6 9. Na3 Nd7 10. O-O Ne7 11. d5 {½-½ (20) Fedorov,A (2569)-Zhigalko,S (2671) Riga 2014}) 6... Ne7 7. d3 d5 8. exd5 {White is better.} Nxd5 9. Bg2 Be6 {[#]} 10. O-O (10. f4 $1 $16) 10... Nc6 11. f4 exf4 {[#]} (11... Nxc3 $14 12. Nxc3 exf4) 12. Bxd5 $1 $18 ({But not} 12. Nxf4 $6 Nxf4 13. Bxf4 Be7 $14) 12... Bxd5 13. Nxf4 Be6 14. Nxe6 fxe6 15. Ne4 (15. Qf3 $18 {[%csl Gf1][%cal Rf3f7]} Qf6 16. Qxf6 gxf6 17. Rxf6) 15... Be7 $14 16. Be3 Qd5 17. Qd2 b6 18. Qc3 $36 {[%mdl 2048] Black is under pressure.} Nd4 19. Rf2 Rf8 20. Raf1 Rxf2 21. Rxf2 Rd8 22. Bxd4 (22. b3 $16) 22... cxd4 (22... Qxd4 $14 23. Qb3 c4 24. Qb5+ (24. Qxc4 Qxc4 25. dxc4 Rd1+ 26. Kg2 Ra1 $11) 24... Rd7) 23. Qc7 $16 Rd7 24. Qb8+ Rd8 25. Qc7 (25. Qh2 $14) 25... Rd7 26. Qf4 {And now Qf7+ would win.} Bd6 27. Qg5 ({Better is} 27. Nxd6+ $16 Qxd6 28. Qf3) 27... Qxg5 $11 28. Nxg5 {[%mdl 4096] Endgame KRB-KRN} Bg3 29. Re2 e5 {The position is equal.} 30. Kg2 Ke7 31. Nf3 Ke6 32. a4 Kd5 33. Nd2 Bf4 34. Ne4 Kc6 35. g5 Rf7 36. Rf2 Kd5 37. Kf1 Ke6 38. Ke2 Rc7 39. Kf3 Be3 40. Rg2 Rf7+ 41. Kg4 Rf8 42. Kxh4 Kf5 43. Kg3 Bxg5 (43... Kg6 {is more complex.} 44. Re2 Rf1 45. Nd6 Kxg5 46. Nc4 Bf4+) 44. Nxg5 (44. h4 {is interesting.} Be3 45. Kh3 g6 46. Nd6+ Kf6 47. Rg3) 44... Kxg5 {KR-KR} 45. h4+ Kg6 46. Kh3+ Kh6 47. Rg5 Rf2 48. Rxe5 Rxc2 49. Rd5 Rxb2 50. Rxd4 a5 51. Kg3 Rb4 52. Rg4 g6 53. Kf3 Kh5 54. Rg5+ Kxh4 55. Rxg6 Kh5 56. Rc6 Kg5 57. Rc4 Kf5 58. Ke3 Rb3 59. Re4 b5 {Precision: White = 56%, Black = 62%.} 1/2-1/2

[Event "CZE-tht Extraliga 2018-19"]
[Site "Czech Republic"]
[Date "2019.01.12"]
[Round "5"]
[White "Vykouk, Jan"]
[Black "Oral, Tomas"]
[Result "1/2-1/2"]
[WhiteElo "2435"]
[BlackElo "2509"]
[Annotator "ChessBase"]
[PlyCount "53"]
[EventDate "2018.11.03"]
[EventType "team-tourn"]
[EventCountry "CZE"]
[SourceTitle "playchess.com"]
[Source "ChessBase"]
[SourceQuality "1"]
[WhiteTeam "Turnov"]
[BlackTeam "Lysa nad Labem"]
[TimeControl "40/5400+30:1800+30"]

1. e4 {[%emt 0:00:00]} c5 {[%emt 0:00:00]} 2. Nf3 {[%emt 0:00:00]} e6 {[%emt 0:00:27]} 3. b3 {[%emt 0:01:21]} b6 {[%emt 0:00:37]} 4. Bb2 {[%emt 0:00:38]} Bb7 {[%emt 0:00:07]} 5. e5 {[%emt 0:02:36]} a6 {[%emt 0:08:48]} 6. Bd3 {[%emt 0:03:22]} d6 {[%emt 0:01:52]} 7. exd6 {[%emt 0:00:22]} Nf6 {[%emt 0:00:36]} 8. Nc3 {[%emt 0:01:49]} Bxd6 {[%emt 0:06:17]} 9. Qe2 {[%emt 0:00:08]} Nc6 {[%emt 0:01:05]} 10. Ne4 {[%emt 0:16:30]} Be7 {[%emt 0:01:52]} 11. O-O {[%emt 0:00:06]} O-O {[%emt 0:09:20]} 12. Nfg5 {[%emt 0:01:10]} g6 {[%emt 0:00:54]} 13. Qf3 {[%emt 0:05:23]} Nxe4 {[%emt 0:07:34]} 14. Nxe4 {[%emt 0:03:03]} e5 {[%emt 0:03:39]} 15. Nc3 {[%emt 0:01:33]} Bf6 {[%emt 0:04:17]} 16. Qd5 {[%emt 0:05:32]} Qc7 {[%emt 0:02:47]} 17. Ne4 {[%emt 0:02:49]} Bg7 {[%emt 0:02:38]} 18. Qd6 {[%emt 0:01:00]} Qc8 {[%emt 0:03:34]} 19. f4 {[%emt 0:10:03]} Rd8 {[%emt 0:04:31]} 20. Bc4 {[%emt 0:00:05]} Rxd6 {[%emt 0:05:00]} 21. Nxd6 {[%emt 0:00:05]} Qc7 {[%emt 0:01:07]} 22. Nxf7 {[%emt 0:00:29]} Nd4 {[%emt 0:17:40]} 23. Bxd4 {[%emt 0:18:19]} cxd4 {[%emt 0:00:31]} 24. Ng5+ {[%emt 0:00:08]} Kh8 {[%emt 0:00:26]} 25. Nf7+ {[%emt 0:00:05]} Kg8 {[%emt 0:00:08]} 26. Ng5+ {[%emt 0:00:05]} Kh8 {[%emt 0:00:36]} 27. Nf7+ {[%emt 0:00:06] h6} 1/2-1/2